| 000 | 00583nam a2200193 a 4500 | ||
|---|---|---|---|
| 001 | 2042 | ||
| 003 | CDMR | ||
| 005 | 20131021104248.0 | ||
| 008 | 130130s1988||||||||||||||||||||||||||||d | ||
| 020 | _a8430660054 | ||
| 040 |
_aCDMR _bcat _cCDMR |
||
| 100 | 1 |
_aBertin, Jacques _91520 |
|
| 245 | 1 | 3 |
_aLa gráfica y el tratamiento gráfico de la información _cJaques Bertin ; introducción y versión castellana de Antonio Muñoz Carrión |
| 260 |
_aMadrid _c1988 _bTaurus |
||
| 300 |
_a310 p. _bil. |
||
| 490 | 0 |
_aNoesis de Comunicación _v5 |
|
| 650 | 0 | 4 |
_93187 _aGrafisme |
| 942 |
_cMON _2udc |
||
| 999 |
_c2042 _d2042 |
||